| 000 | 01103nam a22003137a 4500 | ||
|---|---|---|---|
| 003 | EG-ScBUE | ||
| 005 | 20220622115229.0 | ||
| 008 | 110602s2008 enk f 000 f eng d | ||
| 020 | _a9781405882712 | ||
| 040 |
_aEG-ScBUE _beng _erda _cEG-ScBUE _dEG-ScBUE |
||
| 082 | 0 | 4 |
_222 _a813.54 _bCOL |
| 100 | 1 |
_924575 _aCollins, Max Allan, _eauthor. |
|
| 245 | 1 | 0 |
_aSaving private Ryan / _cadapted from the novel by Max Allan Collins ; retold by Jacqueline Kehl. |
| 264 | 1 |
_aHarlow, England : _bPearson Education Limited, _c2008. |
|
| 300 |
_a108 pages ; _c20 cm. |
||
| 336 |
_2rdacontent _atext _btxt |
||
| 337 |
_2rdamedia _aunmediated _bn |
||
| 338 |
_2rdacarrier _avolume _bnc |
||
| 490 | 0 |
_aPenguin readers ; _vlevel 6 |
|
| 521 | _aC1: Advanced | ||
| 650 | 7 |
_924576 _aSoldiers _zUnited States _vFiction. _2BUEsh |
|
| 650 | 7 |
_924577 _aWorld War, 1939-1945 _xMissing in action _vFiction. _2BUEsh |
|
| 650 | 7 |
_aOperation Overlord _vFiction. _2BUEsh |
|
| 651 | _2BUEsh | ||
| 653 |
_cJune2011 _bHHUUEENN |
||
| 655 |
_vReading book _934232 |
||
| 700 |
_924574 _aKehl, Jacqueline, _econtributor. |
||
| 942 |
_2ddc _cBB |
||
| 999 |
_c15513 _d15513 |
||